| 000 | 01076nam a2200301 a 4500 | ||
|---|---|---|---|
| 001 | 000023061 | ||
| 003 | OSt | ||
| 005 | 20200930021949.0 | ||
| 008 | 101125s1989 ck r 000 0 spa d | ||
| 020 | _a9586430006 (o. completa) | ||
| 020 | _a9586431010 (t. dura) | ||
| 020 | _a9586431029 (rustica) | ||
| 040 |
_aDO-SdBNP _bspa _cBNPHU |
||
| 082 |
_a986.1 _bA111ac |
||
| 111 | 1 |
_aColombia. _cCongreso _947472 |
|
| 245 | 1 | 0 |
_aActas del Congeso de Cúcuta, 1821 / _cPrólogo, Carlos Restrepo Piedrahita. |
| 260 |
_aBogotá : _bBiblioteca de la Presidencia de la República. Administración Virgilio Barco, _bFundación Francisco de Paula Santander _c1989. |
||
| 300 |
_a3 v. ; _c24 cm. |
||
| 490 | 1 |
_aDocumentos _v49-51 |
|
| 504 | _aIncluye referencias bibliográficas y notas al pie de las páginas. | ||
| 590 | _aInventariado, 2020/YL | ||
| 650 | 4 |
_aCongreso de cúcuta, 1821 _947473 |
|
| 651 | 4 |
_aCúcuta (Colombia{Rpara} _947474 |
|
| 700 | 1 | 2 |
_aRestrepo Piedrahita, Carlos _eprol. _976676 |
| 830 | 0 |
_aDocumentos ; _v49-51 _91047 |
|
| 942 | _cLF1 | ||
| 956 | _aYLOCKWARD | ||
| 999 |
_c22558 _d22558 |
||